00902nam a2200157Ia 450000500170000000800410001708200180005810000150007624500380009126000680012930000130019750004140021094200060062495200990063099900150072920240805030135.0240331s9999 xx 000 0 und d bCLAa398.0954 aClaus, P.J 0aFolkloristics and Indian folklore aIndiabRegional Resources center for folk performing Artsc1991 a217 p ., aFolkloristics and Indian folklore has been written specifically for Indian students of folklore. In illustrating the use of modern theories and approaches to study folklore this book makes extensive use of Indian examples and draws upon materials from the length and breadth of the Indian subcontinent. it also includes two extensive bibliographies listing the latest, most modern materials of world folklore cL 001040708LaWERCLbWERCLcSSCd2024-03-31l0o 398.0954 CLAp593r2024-03-31w2024-03-31yL c2999d2999